La ondina del estanque : un cuento de hadas erótico /

Verena Kast (1943) es psicoterapeuta suiza, en esta obra hace una interpretación moderna de uno de los cuentos más populares de los hermanos Grimm que da título a la obra. El tema es el miedo y la fascinación que despierta la pasión erótico-sexual, sentimiento que todos llevamos dentro y que esta re...

詳細記述

保存先:
書誌詳細
第一著者: Kast, Verena (autor)
フォーマット: 図書
言語:スペイン語
出版事項: Barcelona, España : Paidós, 2001, c2001
シリーズ:(Paidós Junguiana ; 11)
主題:
タグ: タグ追加
タグなし, このレコードへの初めてのタグを付けませんか!

MARC

LEADER 00000nam^a2200000^a^4500
001 000136800
005 20250521000000.0
009 20260310095333.058
020 |a 84-493-1123-3 
037 |a Acervo ITESO - Biblioteca 
041 |a ESP 
082 |a 305. 313  |b KAS 
100 |a Kast, Verena  |e (autor) 
245 1 3 |a La ondina del estanque :  |b un cuento de hadas erótico /  |c V. Kast ; pról. de Theodor Seifert ; tr. por Héctor Piquer Minguijón. 
264 4 |a Barcelona, España :  |b Paidós,  |c 2001, c2001 
300 |a 114 p. 
336 |a texto  |b txt  |2 rdacontenido 
337 |a sin mediación  |b n  |2 rdamedio 
338 |a volumen  |b nc  |2 rdasoporte 
440 1 |a (Paidós Junguiana ;  |v 11) 
500 |a Traducción de: Die Nixe im Teich 
520 |a Verena Kast (1943) es psicoterapeuta suiza, en esta obra hace una interpretación moderna de uno de los cuentos más populares de los hermanos Grimm que da título a la obra. El tema es el miedo y la fascinación que despierta la pasión erótico-sexual, sentimiento que todos llevamos dentro y que esta representado por la bella ninfa del estanque. 
649 |a XX 
650 |a Erotismo 
650 |a Amor 
650 |a Arquetipos 
650 |a Mitología 
650 |a Relaciones de Pareja 
650 |a Sexualidad 
650 |a Psicoterapia de Pareja 
650 |a Psicología Popular 
650 |a Psicología Clínica 
650 |a Psicología 
650 |a Cuentos Infantiles -  |z Alemania 
650 |a Amor en la Literatura 
650 |a Psicología y Literatura 
910 |a Fondo General 
920 |a Impresos - Libros 
930 |a Colección General 
905 |a 101 
901 |a 0500065399  |b IT1  |c ACC  |u 20250521 
902 |a https://opac.biblio.iteso.mx/vufind/Record/000136800